Historia del teatro en Rosario : (Registro nro. 319)
[ vista simple ]
| 000 -LEADER | |
|---|---|
| fixed length control field | 01329nam a22002417a 4500 |
| 003 - CONTROL NUMBER IDENTIFIER | |
| control field | Ro-UNCS |
| 005 - DATE AND TIME OF LATEST TRANSACTION | |
| control field | 20251216142857.0 |
| 008 - FIXED-LENGTH DATA ELEMENTS--GENERAL INFORMATION | |
| fixed length control field | 240909s2020 ag ||||| |||| 00| 0 spa d |
| 020 ## - INTERNATIONAL STANDARD BOOK NUMBER | |
| International Standard Book Number | 978-987-702-431-9 |
| 040 ## - CATALOGING SOURCE | |
| Transcribing agency | Ro-UNCS |
| Original cataloging agency | Ro-UNCS |
| 080 ## - UNIVERSAL DECIMAL CLASSIFICATION NUMBER | |
| Authority record control number or standard number | 82-2(82)(091) |
| 100 ## - MAIN ENTRY--PERSONAL NAME | |
| Personal name | Tello, Clide |
| Relator term | autora |
| 245 ## - TITLE STATEMENT | |
| Title | Historia del teatro en Rosario : |
| Remainder of title | 1900-1959 / |
| Statement of responsibility, etc. | Clide Tello. |
| 260 ## - PUBLICATION, DISTRIBUTION, ETC. | |
| Place of publication, distribution, etc. | Rosario : |
| Name of publisher, distributor, etc. | UNR Editora, |
| Date of publication, distribution, etc. | 2020. |
| 300 ## - PHYSICAL DESCRIPTION | |
| Extent | 296 p. ; |
| Dimensions | 20 cm. |
| 490 0# - SERIES STATEMENT | |
| Series statement | Actio ; |
| Volume/sequential designation | 1 |
| 500 ## - GENERAL NOTE | |
| General note | Prólogo por Rubén Aldo Pricco. |
| 520 3# - SUMMARY, ETC. | |
| Summary, etc. | Estamos seguros de que no sólo la comunidd teatral celebra la aparición de este libro sino también todas aquellas personas que, sin pertenecer a la especialidad pero interesadas en la historia del arte teatral de nuestra cuidad, intuyen que no existe el presente sin los ciminetos y explicaciones del pasado. Si relatar, describir, y explicar la fructuosa preteridad de nuestro teatro arrima argumentos, criterios y saberes para conocer factores, condicionantes y causas múltiples del teatro rosarino actual, este trabajo cumple con creces, ese noble y adminable propósito. (Aldo Rubén Pricco). |
| 650 #7 - SUBJECT ADDED ENTRY--TOPICAL TERM | |
| Source of heading or term | embne |
| Topical term or geographic name entry element | Teatro |
| General subdivision | Historia |
| Chronological subdivision | S. XX |
| Geographic subdivision | Rosario |
| 651 #7 - SUBJECT ADDED ENTRY--GEOGRAPHIC NAME | |
| Source of heading or term | embne |
| Geographic name | Rosario |
| Chronological subdivision | 1900-1959 |
| General subdivision | Teatro |
| Form subdivision | Historia |
| 700 1# - ADDED ENTRY--PERSONAL NAME | |
| Personal name | Pricco, Rubén Aldo. |
| Relator term | prologuista |
| 942 ## - ADDED ENTRY ELEMENTS (KOHA) | |
| Source of classification or shelving scheme | Dewey Decimal Classification |
| Koha item type | Obra General |
| Suppress in OPAC | No |
| Withdrawn status | Lost status | Source of classification or shelving scheme | Damaged status | Not for loan | Collection | Home library | Current library | Date acquired | Total checkouts | Full call number | Barcode | Date last seen | Price effective from | Koha item type |
|---|---|---|---|---|---|---|---|---|---|---|---|---|---|---|
| Universal Decimal Classification | Colección General | Biblioteca Escuela de Ciencias Sociales | Biblioteca Escuela de Ciencias Sociales | 09/09/2024 | 82-2(82)(091) T277 | 000099 | 09/09/2024 | 09/09/2024 | Obra General |